[Event "Unterfranken-ch HB 60th"]
[Site "Obernau"]
[Date "2009.04.14"]
[Round "4"]
[White "Endemann, Ingo"]
[Black "Krissmann, Gordana"]
[Result "1-0"]
[WhiteElo "1313"]
[BlackElo "1195"]
[PlyCount "86"]
[EventDate "2009.04.13"]
[EventType "swiss"]
[EventRounds "9"]
[EventCountry "GER"]
[SourceTitle "EXT 2015"]
[Source "ChessBase"]
[SourceDate "2014.11.20"]
[SourceVersion "1"]
[SourceVersionDate "2014.11.20"]
[SourceQuality "1"]

1. e4 g6 2. d4 Bg7 3. Nf3 d6 4. Nc3 a6 5. Be3 Nd7 6. Ng5 h6 7. Nf3 e5 8. Bc4 b5 9. Bd5 Rb8 10. dxe5 Nxe5 11. Nxe5 Bxe5 12. Ba7 Rb7 13. Bc6+ Kf8 14. Bxb7 Bxb7 15. Bd4 Qg5 16. Bxe5 Qxe5 17. 0-0 Nf6 18. Re1 Kg7 19. Qd3 Qg5 20. Red1 Rd8 21. Qe3 Qh5 22. h3 Nd7 23. Ne2 Nc5 24. Ng3 Qe5 25. Qd4 f6 26. Qxe5 fxe5 27. f3 Ne6 28. a3 c5 29. Rd2 Kf6 30. Rad1 Ke7 31. h4 Nf4 32. Kf2 Ke6 33. b3 a5 34. c4 bxc4 35. bxc4 Ba6 36. Rc2 Rb8 37. Nf1 Rb3 38. Rcd2 Rb6 39. Ne3 Nh5 40. Nd5 Rc6 41. Nc7+ Kd7 42. Nxa6 Rxa6 43. Rb1 Nf6 1-0

[Event "Main Vogelsberg op 2nd"]
[Site "Grossauheim"]
[Date "2007.06.07"]
[Round "1"]
[White "Krissmann, Gordana"]
[Black "Walther, Alexander"]
[Result "0-1"]
[WhiteElo "1072"]
[BlackElo "1782"]
[PlyCount "62"]
[EventDate "2007.06.07"]
[EventType "swiss"]
[EventRounds "7"]
[EventCountry "GER"]
[SourceTitle "EXT 2008"]
[Source "ChessBase"]
[SourceDate "2007.11.25"]
[SourceVersion "1"]
[SourceVersionDate "2007.11.25"]
[SourceQuality "1"]

1. d4 c5 2. d5 e5 3. e4 Nf6 4. Bd3 d6 5. Nc3 a6 6. Bg5 Be7 7. Nf3 Bg4 8. 0-0 Nxd5 9. Nxd5 Bxg5 10. c4 Nc6 11. h3 Bxf3 12. Qxf3 0-0 13. a3 Nd4 14. Qd1 Rb8 15. Rb1 b5 16. b4 Qd7 17. Qg4 Qxg4 18. hxg4 Rfc8 19. f4 exf4 20. Nxf4 cxb4 21. Rxb4 Nc6 22. Rbb1 Ne5 23. cxb5 Bxf4 24. bxa6 Be3+ 25. Kh1 Nxd3 26. Kh2 Rxb1 27. Rxb1 Ne5 28. a7 Bxa7 29. Rb7 Bc5 30. a4 g5 31. Kh3 Ra8 0-1

[Event "Main Vogelsberg op 2nd"]
[Site "Grossauheim"]
[Date "2007.06.07"]
[Round "2"]
[White "Traut, Stefan"]
[Black "Krissmann, Gordana"]
[Result "1-0"]
[WhiteElo "1554"]
[BlackElo "1072"]
[PlyCount "135"]
[EventDate "2007.06.07"]
[EventType "swiss"]
[EventRounds "7"]
[EventCountry "GER"]
[SourceTitle "EXT 2008"]
[Source "ChessBase"]
[SourceDate "2007.11.25"]
[SourceVersion "1"]
[SourceVersionDate "2007.11.25"]
[SourceQuality "1"]

1. d4 d5 2. Nf3 Nf6 3. c4 e6 4. g3 b6 5. Bg2 Bb7 6. 0-0 Nbd7 7. Nc3 Be7 8. Qa4 0-0 9. Ne5 Nxe5 10. dxe5 Ne4 11. Nxe4 dxe4 12. Rd1 Qe8 13. Qc2 Rd8 14. Be3 c5 15. Bxe4 Bxe4 16. Qxe4 Rxd1+ 17. Rxd1 Qa4 18. Ra1 a6 19. b3 Qd7 20. Qc2 Qc7 21. f4 f6 22. exf6 Bxf6 23. Rd1 Rd8 24. Rd3 Bd4 25. Bxd4 Rxd4 26. Rxd4 cxd4 27. Qe4 Qd6 28. Kf1 h6 29. Kf2 Qc5 30. Qd3 a5 31. e3 e5 32. fxe5 Qxe5 33. Qxd4 Qf5+ 34. Ke2 Qc2+ 35. Qd2 Qg6 36. Qd8+ Kh7 37. Qd3 h5 38. Qxg6+ Kxg6 39. Kf3 Kf6 40. a3 Ke5 41. b4 g5 42. c5 g4+ 43. Ke2 bxc5 44. bxc5 Kd5 45. c6 Kxc6 46. Kd3 Kd5 47. e4+ Ke5 48. a4 Ke6 49. Kd4 Kd6 50. e5+ Ke6 51. Ke4 Kd7 52. Kf5 Ke7 53. Kg5 Ke6 54. Kxh5 Kxe5 55. Kxg4 Kf6 56. h4 Kg6 57. Kf4 Kg7 58. Kg5 Kh7 59. Kf6 Kh6 60. g4 Kh7 61. Kf7 Kh6 62. g5+ Kh7 63. g6+ Kh6 64. g7 Kh5 65. g8Q Kxh4 66. Qg2 Kh5 67. Qg3 Kh6 68. Qg6# 1-0